zpět

Detail výsledku týmu

Hangár, Valašské Meziříčí

Datum a čas kvízu

34 Celkem bodů Celkový počet nahraných bodů na tomto kvízu bez doplňovacích otázek.
3. Pořadí na kvízu Konečné umístění týmu na tomto kvízu.

Zaznamenané odpovědi

# Otázka Odpověď Body Výsledky
1. V neděli se v Brně konal 11. r... švihlá chůze 0
2. Polský velmistr Jan-Krzystof D... nepodal mu ruku 0
3. Kterou legendární hru, konkrét... Tetris 1
4. Společnost Microsoft se rozhod... Copilot 0
5. Kolik gólů během posledních dv... 4 branky 1
6. Rok 2023 je již za námi, spole... D 1
7. Mnoho let se tvůrci pokoušeli... One Piece; Netflix 0
8. Do zákulisí kterého legendární... Tour de France 0
9. Seriál Hotel Continental je tř... Mel Gibson 1
10. V poslední otázce se podíváme... Dobré ráno, Brno! 1